Forestry economics as problem solving / (Record no. 11277)

MARC details
000 -LEADER
fixed length control field 00980nam a2200289 4500
001 - CONTROL NUMBER
control field 000
005 - DATE AND TIME OF LATEST TRANSACTION
control field 20150703102838.0
007 - PHYSICAL DESCRIPTION FIXED FIELD--GENERAL INFORMATION
fixed length control field 000
008 - FIXED-LENGTH DATA ELEMENTS--GENERAL INFORMATION
fixed length control field 000
010 ## - LIBRARY OF CONGRESS CONTROL NUMBER
LC control number 87073569
020 ## - INTERNATIONAL STANDARD BOOK NUMBER
International Standard Book Number 0961354623
040 ## - CATALOGING SOURCE
Original cataloging agency UOEL
Transcribing agency DLC
Modifying agency DLC
043 ## - GEOGRAPHIC AREA CODE
Geographic area code n-us---
050 00 - LIBRARY OF CONGRESS CALL NUMBER
Classification number SD427.E35
Item number .D83 1988
082 00 - DEWEY DECIMAL CLASSIFICATION NUMBER
Classification number 338.1/749
Edition number 20
100 1# - MAIN ENTRY--PERSONAL NAME
Personal name Duerr, William A.
Fuller form of name (William Allen),
Dates associated with a name 1911-
245 10 - TITLE STATEMENT
Title Forestry economics as problem solving /
Statement of responsibility, etc William A. Duerr.
260 ## - PUBLICATION, DISTRIBUTION, ETC. (IMPRINT)
Place of publication, distribution, etc [Blacksburg, VA] :
Name of publisher, distributor, etc W.A. Duerr ;
Place of publication, distribution, etc Syracuse, N.Y. :
Name of publisher, distributor, etc Distributed by Orange Student Book Store,
Date of publication, distribution, etc c1988.
300 ## - PHYSICAL DESCRIPTION
Extent 1 v. (various pagings) :
Other physical details ill. ;
Dimensions 28 cm.
504 ## - BIBLIOGRAPHY, ETC. NOTE
Bibliography, etc Includes bibliographical references.
650 #0 - SUBJECT ADDED ENTRY--TOPICAL TERM
Topical term or geographic name as entry element Forests and forestry
General subdivision Economic aspects.
Topical term or geographic name as entry element Forests and forestry
General subdivision Economic aspects
Geographic subdivision United States.
Topical term or geographic name as entry element Forest products industry.
Topical term or geographic name as entry element Forest products industry
Geographic subdivision United States.
906 ## - LOCAL DATA ELEMENT F, LDF (RLIN)
a 7
b cbc
c orignew
d 3
e opcn
f 19
g y-gencatlg
942 ## - ADDED ENTRY ELEMENTS (KOHA)
Source of classification or shelving scheme Library of Congress Classification
Item type Loan - Normal on open shelf
Holdings
Withdrawn status Lost status Source of classification or shelving scheme Damaged status Not for loan Home library Current library Shelving location Date acquired Total Checkouts Full call number Barcode Date last seen Copy number Price effective from Koha item type
    Library of Congress Classification     UOE Main Library UOE Main Library Open shelf 03/07/2015   SD427.E35 .D83 1988 10037791 27/04/2026 10037791 03/07/2015 Loan - Normal on open shelf